00351pab a2200121 454500008004000000100001900040245008500059260000900144300001100153362000900164650002400173773003200197180718b1989 xxu||||| |||| 00| 0 eng d aHero, Rodney E aThe U.S. Congress and American FederalismbAre subnational governments protected c1989 a93-106 aMar. aFederalism - U.S.A. aWestern Political Quarterly